Developing a mission statement for the middle level school /

Bibliographic Details
Corporate Author: NASSP's Council on Middle Level Education
Format: Book
Language:English
Published: Reston, Va. : National Association of Secondary School Principals, [1987]
Subjects:

MARC

Tag First Indicator Second Indicator Subfields
LEADER 00000cam a2200000 a 4500
001 in00000011160
005 20151007052010.0
008 880115s1987 vaua b 00000 eng d
020 |a 0882102044 
035 |a (OCoLC)17351365 
035 |9 AAA5832AM 
040 |a CDF  |c CDF  |d OCL  |d TXA  |d UtOrBLW 
049 |a TXAM  |c [A10798652] 
050 4 |a LB1623  |b .D48 1987 
245 0 0 |a Developing a mission statement for the middle level school /  |c NASSP'S Council on Middle Level Education. 
264 1 |a Reston, Va. :  |b National Association of Secondary School Principals,  |c [1987] 
264 4 |c ©1987 
300 |a vii, 29 pages :  |b table ;  |c 23 cm. 
336 |a text  |b txt  |2 rdacontent 
337 |a unmediated  |b n  |2 rdamedia 
338 |a volume  |b nc  |2 rdacarrier 
500 |a Bibliography: page 27. 
650 0 |a Middle schools. 
650 0 |a Education, Secondary  |x Aims and objectives. 
710 2 |a NASSP's Council on Middle Level Education. 
999 |a MARS 
999 f f |s 93235597-4eb1-3fdc-a0e8-5b24fda32705  |i 2f5c2812-f207-3774-af46-a5df271e9fac  |t 0 
952 f f |p normal  |a Texas A&M University  |b College Station  |c Sterling C. Evans Library  |d Evans: Library Stacks  |t 0  |e LB1623 .D48 1987  |h Library of Congress classification  |i unmediated -- volume  |m A14810798652 
998 f f |a LB1623 .D48 1987  |t 0  |l Evans: Library Stacks